Normal view
MARC view
- Muhammad Shahid.
Entry Personal Name
001 - CONTROL NUMBER
- control field: 27318
003 - CONTROL NUMBER IDENTIFIER
- control field: NUST
005 - DATE AND TIME OF LATEST TRANSACTION
- control field: 20200103100554.0
008 - FIXED-LENGTH DATA ELEMENTS
- fixed length control field: 200103|| aca||aabn | a|a d
040 ## - CATALOGING SOURCE
- Original cataloging agency: NUST
- Transcribing agency: NUST
100 ## - HEADING--PERSONAL NAME
- Personal name: Muhammad Shahid.
670 ## - SOURCE DATA FOUND
- Source citation: Work cat.: (NUST): Muhammad Shahid., Evaluation of Development and Land Use Change Impacts on Stream Flow and Sediment Yield in Margalla Hills /, 2014.
